History of modern India / (Record no. 163272)

MARC details
000 -LEADER
fixed length control field 00750nam a22002057a 4500
005 - DATE AND TIME OF LATEST TRANSACTION
control field 20190408130545.0
010 ## - LCCN (DPL NO)
LC control number B-721059
020 ## - INTERNATIONAL STANDARD BOOK NUMBER
International Standard Book Number 9788125036845
Terms of availability 395.00
035 ## - SYSTEM CONTROL NUMBER
System control number B-721059
037 ## - SOURCE OF ACQUISITION
Source of stock number/acquisition Aksharesh Enterprises
082 ## - DEWEY DECIMAL CLASSIFICATION NUMBER
Classification number 954.09
100 ## - MAIN ENTRY--PERSONAL NAME
Personal name Chandra, Bipan
245 ## - TITLE STATEMENT
Title History of modern India /
Statement of responsibility, etc by Bipan Chandra
260 ## - PUBLICATION, DISTRIBUTION, ETC. (IMPRINT)
Place of publication, distribution, etc Hyderabad
Name of publisher, distributor, etc Orient Blackswan
Date of publication, distribution, etc 2019
270 ## - ADDRESS
Address 3-6-752, Himayatnagar
City Hyderabad
Postal code 500029
300 ## - PHYSICAL DESCRIPTION
Extent viii, 351p.
Dimensions 22cm(pbk)
500 ## - GENERAL NOTE
General note Includes index
942 ## - ADDED ENTRY ELEMENTS (KOHA)
Source of classification or shelving scheme Dewey Decimal Classification
Item type English Books
Call number suffix CHA
Classification part 954.09
Holdings
Withdrawn status Lost status Not for loan Collection code Home library Current library Date acquired Source of acquisition Cost, normal purchase price Full call number Barcode Copy number Cost, replacement price Koha item type
      Non-fiction Sarojini Nagar Sarojini Nagar 08/04/2019 Aksharesh Enterprises/0013/02-04-19/795/26-03-19/04-04-19 395.00 954.09 CHA B-721059 1 395.00 English Books

© Delhi Public Library
Hit Counter
free hit counter